| 000 | 00544nam a2200217Ia 4500 | ||
|---|---|---|---|
| 005 | 20250425162132.0 | ||
| 008 | 250425s9999 xx 000 0 und d | ||
| 020 | _a958927949X | ||
| 041 | _aspa | ||
| 082 | _a658.023 | ||
| 110 | _aUNIVERSIDAD ICESI | ||
| 245 | 0 | _aCOLECCION PYMES: EMPRESA Y MEDIO AMBIENTE | |
| 250 | _a1A ED. | ||
| 260 | _aCALI | ||
| 260 |
_aColombia _bUNIVERSIDAD ICESI/BID _c2001 |
||
| 300 | _a144 | ||
| 650 | _aGESTION EMPRESARIAL | ||
| 650 | _aPEQUEÑAS Y MEDIANAS EMPRESAS | ||
| 942 | _c01 | ||
| 010 | _a52067 | ||
| 999 |
_c223023 _d223023 |
||